| 000 | 00633nam a2200181 a 4500 | ||
|---|---|---|---|
| 001 | 000031765 | ||
| 005 | 20240316073905.0 | ||
| 008 | 110701s2012 dr 000 0 spa d | ||
| 020 | _a9789993446187 | ||
| 040 |
_aDO-SdBNP _bspa _cBNPHU |
||
| 100 | 1 |
_aVeloz Maggiolo, Marcio, _d1936-2021 _91104 |
|
| 245 | 1 | 0 |
_aMemorias reversibles / _cMarcio Veloz Maggiolo. |
| 260 |
_aSanto Domingo : _bAcademia Dominicana de la Lengua, _c2012. |
||
| 300 |
_a121 p. ; _c24 cm. |
||
| 490 | 1 |
_aLetras de la Academia _vno. 15 |
|
| 500 | _aIncluye datos biográficos del autor en la solapa de la cubierta | ||
| 830 | 0 |
_aLetras de la Academia _nno. 15 _957998 |
|
| 999 |
_c31257 _d31257 |
||